The jewel that is best ; (Record no. 66481)

MARC details
000 -LEADER
fixed length control field 00530nam a22001697a 4500
005 - DATE AND TIME OF LATEST TRANSACTION
control field 2012051104564.0
020 ## - INTERNATIONAL STANDARD BOOK NUMBER
International Standard Book Number 9780143415633
Terms of availability 250.00
037 ## - SOURCE OF ACQUISITION
Stock number dpl
Source of stock number/acquisition K.K.Pub /Ven
082 ## - DEWEY DECIMAL CLASSIFICATION NUMBER
Classification number 881
100 ## - MAIN ENTRY--PERSONAL NAME
Personal name Tagore, Rabindernath.
245 ## - TITLE STATEMENT
Title The jewel that is best ;
Remainder of title collected brief poems /
Statement of responsibility, etc by Rabindernath Tagore
260 ## - PUBLICATION, DISTRIBUTION, ETC. (IMPRINT)
Place of publication, distribution, etc New Delhi
Name of publisher, distributor, etc Penguin Books
Date of publication, distribution, etc 2011
270 ## - ADDRESS
Address 11 community centre panchsheel park
City New Delhi
Postal code 110017
300 ## - PHYSICAL DESCRIPTION
Extent xi, 199p
Dimensions 19cm
942 ## - ADDED ENTRY ELEMENTS (KOHA)
Source of classification or shelving scheme Dewey Decimal Classification
Item type English Books
Classification part 881
Call number suffix TAG

No items available.


© Delhi Public Library
Hit Counter
free hit counter